00696nam a22002297a 450000500170000001000130001702000220003003500130005203700160006504000120008108200170009310000200011024501210013026000380025127000420028930000330033150000190036465000240038365000150040770000190042270000250044120170124110143.0 aA-759563 c00.00a0074624962 aA-759563 bCen Lib/Ret aDPLbEN a658.562bWIL aWilson, Paul F. aRoot cayse analysis :cby Paul F. Wilson, Larry D. Dell [and] Gaylord F. Andersonba tool total quality management / aNew DelhibTata McGraw-Hillc1993 bNew Delhia4/12 Asaf Ali Roade110002 axiii,215p. :c22cm(Hb)bill. aIncludes index aQuality management  aManagement aDell, Larry D. aAnderson, Gaylord F.